000
00302nam a22001337a 4500
003
SGT
082
_a
615.53
_b
C12S
100
_a
SASTRPT. KASINATH
245
_a
THE CARAKA SAMHITA OF AGNIVESA
260
_a
VARANASI
_b
CHAUKHAMBHA PUB
_c
2012
300
_a
920
650
_a
CHARAK SAMHITA
942
_2
ddc
_c
BK
999
_c
8452
_d
8452